Cronica del rey D. Enrique el Quarto de este nombre (Record no. 5230)

MARC details
000 -LEADER
campo de control de longitud fija 01782npm a2200361 i 4500
001 - NÚMERO DE CONTROL
campo de control 5230
003 - IDENTIFICADOR DE NÚMERO DE CONTROL
campo de control ES-MaACL
005 - FECHA Y HORA DE LA ÚLTIMA TRANSACCIÓN
campo de control 20251002203109.0
007 - CAMPO FIJO DE DESCRIPCIÓN FÍSICA--INFORMACIÓN GENERAL
campo de control de longitud fija hzrazu bucu
008 - DATOS DE LONGITUD FIJA--INFORMACIÓN GENERAL
campo de control de longitud fija 900425r19901787sp a 00010 spa d
080 ## - NÚMERO DE LA CLASIFICACIÓN DECIMAL UNIVERSAL
Número de la Clasificación Decimal Universal 9(46)"14"
080 ## - NÚMERO DE LA CLASIFICACIÓN DECIMAL UNIVERSAL
Número de la Clasificación Decimal Universal 86-1"1564"
080 ## - NÚMERO DE LA CLASIFICACIÓN DECIMAL UNIVERSAL
Número de la Clasificación Decimal Universal 9(46.42)"1467"
100 1# - ENTRADA PRINCIPAL--NOMBRE DE PERSONA
Nombre de persona Enríquez del Castillo, Diego.
9 (RLIN) 47288
245 10 - MENCIÓN DEL TÍTULO
Título Cronica del rey D. Enrique el Quarto de este nombre
Resto del título : [Microforma] /
Mención de responsabilidad, etc. por su capellan y cronista, Diego Enriquez del Castillo.
250 ## - MENCION DE EDICION
Mención de edición 2a ed.
Resto de la mención de edición corregida por Jose Miguel de Flores.
260 ## - PUBLICACIÓN, DISTRIBUCIÓN, ETC.
Lugar de publicación, distribución, etc. Madrid :
Nombre del editor, distribuidor, etc. Ateneo Cientifico, Literario y Artistico,
Fecha de publicación, distribución, etc. 1990.
300 ## - DESCRIPCIÓN FÍSICA
Extensión 1 carrete de microfilme :
Otras características físicas negativo ;
Dimensiones 16 mm.
490 1# - MENCIÓN DE SERIE
Mención de serie Crónicas de los Reyes de Castilla
500 ## - NOTA GENERAL
Nota general Publicado originalmente: Madrid, Impr. de Antonio Sancha, 1787, encuadernado con: 1o) Coplas de Mingo Revulgo / compuestas po Rodrigo de Cota (El Tio)... ; glosadas por Hernando Perez del Pulgar. 2o) Coplas de Mingo Revulgo / glosadas por Juan Martinez de Barros. 3o) Carta del levantamiento de Toledo en 19 de julio de 1467 : trasladado de una carta que esta en los archivos de esta santa iglesia de Toledo / que escribio Pedro de Mesa.
650 14 - PUNTO DE ACCESO ADICIONAL DE MATERIA--TÉRMINO DE MATERIA
Término de materia o nombre geográfico como elemento de entrada Obras anteriores a 1800.
9 (RLIN) 15661
700 1# - ENTRADA AGREGADA--NOMBRE PERSONAL
Nombre de persona Flores, José Miguel de.
9 (RLIN) 51261
700 1# - ENTRADA AGREGADA--NOMBRE PERSONAL
Nombre de persona Cota, Rodrigo,
Fechas asociadas al nombre ca. 1450-ca. 1504
9 (RLIN) 41158
700 1# - ENTRADA AGREGADA--NOMBRE PERSONAL
Nombre de persona Pérez del Pulgar, Hernán,
Fechas asociadas al nombre 1451-1531
9 (RLIN) 151378
700 1# - ENTRADA AGREGADA--NOMBRE PERSONAL
Nombre de persona Martínez de Barros, Juan.
9 (RLIN) 77980
700 1# - ENTRADA AGREGADA--NOMBRE PERSONAL
Nombre de persona Mesa, Pedro de.
9 (RLIN) 80633
740 0# - ENTRADA AGREGADA--TÍTULO RELACIONADO/ANALÍTICO NO CONTROLADO
Título relacionado o analítico no controlado Coplas de Mingo Revulgo.
740 0# - ENTRADA AGREGADA--TÍTULO RELACIONADO/ANALÍTICO NO CONTROLADO
Título relacionado o analítico no controlado Carta del levantamiento de Toledo en 19 de Julio de 1467.
830 00 - PUNTO DE ACCESO ADICIONAL DE SERIE-TÍTULO UNIFORME
Título uniforme Crónicas de los reyes de Castilla
9 (RLIN) 177248
852 ## - LOCALIZACIÓN
Ubicación ES-MaACL
Número de control de estantería MC-49
itemnumber 5347
942 ## - ELEMENTOS DE ENTRADA SECUNDARIOS (KOHA)
Fuente del sistema de clasificación o colocación Clasificación decimal universal
Tipo de ítem Koha Microforma
Holdings
Estatus retirado Estado de pérdida Fuente del sistema de clasificación o colocación Estado de daño No para préstamo Colección Biblioteca de origen Biblioteca actual Ubicación en estantería Fecha de adquisición Total de préstamos Signatura topográfica completa Código de barras Visto por última vez Precio de reemplazo Tipo de ítem Koha
    Clasificación decimal universal     Libros del s. XVIII Biblioteca del Ateneo de Madrid Biblioteca del Ateneo de Madrid Depósito 1 17/01/2008   MC-49 1005293 23/02/2023 23/02/2023 Microforma